[Event "Challenge"]
[Site "http://www.queenalice.com/game.php?id=633701"]
[Date "2009.8.9"]
[Round "-"]
[White "Jerick"]
[Black "Ariram"]
[Result "0-1"]
[WhiteElo "2249"]
[BlackElo "2164"]

1. d4 d5 2. Nf3 Nd7 3. g3 Ngf6 4. Bg2 c6 5. O-O e6 6. Nbd2 Be7 7. c4 O-O 8. Qc2
b6 9. Re1 Bb7 10. e4 c5 11. cxd5 exd5 12. e5 Ne4 13. Nxe4 dxe4 14. Nd2 cxd4 15.
Nxe4 Rc8 16. Qd1 Nxe5 17. Nf6+ Bxf6 18. Bxb7 Rc5 19. Bd2 Nd3 20. Rf1 Nxb2 21.
Qb3 Nc4 22. Bb4 Na5 23. Qf3 Nxb7 24. Qxb7 Rc7 25. Qa6 Re8 26. Rae1 Re6 27. Qd3
Qd5 28. Rc1 Qb7 29. Rce1 Qc8 30. Qb5 Rc2 31. Qa4 a5 32. Rxe6 fxe6 33. Bxa5 bxa5
34. Qxa5 d3 0-1

[Event "Challenge"]
[Site "http://www.queenalice.com/game.php?id=633703"]
[Date "2009.8.9"]
[Round "-"]
[White "Jerick"]
[Black "Ariram"]
[Result "1-0"]
[WhiteElo "2220"]
[BlackElo "2143"]

1. c4 g5 2. d4 Bg7 3. Nc3 h6 4. h4 g4 5. e4 d6 6. Be3 Nf6 7. Qc2 Bd7 8. a3 Nc6
9. O-O-O e6 10. f4 gxf3 11. gxf3 Nh5 12. Qh2 e5 13. d5 Nd4 14. Bh3 f5 15. exf5
Nxf5 16. Bf2 Nf4 17. Bxf5 Bxf5 18. Ne4 Qd7 19. Be3 O-O-O 20. Qc2 Rhf8 21. Ne2
Ng2 22. Bg1 h5 23. N2g3 Bh6+ 24. Kb1 Ne3 25. Bxe3 Bxe3 26. Ka2 Bb6 27. Nxf5 Qxf5
28. Rd3 Rd7 29. Ng5 Rf6 30. Ne4 Rg6 31. Rb3 Rf7 32. a4 Rf8 33. Rc1 Qd7 34. Rd3
Rf4 35. Rh1 Qf7 36. Ng5 Qf5 37. Qb3 Rf6 38. a5 Bxa5 39. Qb5 Qxd3 40. Qe8# 1-0

[Event "Challenge"]
[Site "http://www.queenalice.com/game.php?id=635066"]
[Date "2009.8.12"]
[Round "-"]
[White "danbots5k"]
[Black "Ariram"]
[Result "1-0"]
[WhiteElo "1848"]
[BlackElo "2142"]

1. g4 d5 2. h3 e5 3. Bg2 Nc6 4. c4 Nge7 5. Qa4 dxc4 6. Qxc4 Qd6 7. Qa4 Be6 8.
Nc3 O-O-O 9. d3 Nd5 10. Bd2 Be7 11. Ne4 Qb4 12. Bxb4 1-0

[Event "Challenge"]
[Site "http://www.queenalice.com/game.php?id=635067"]
[Date "2009.8.12"]
[Round "-"]
[White "Ariram"]
[Black "danbots5k"]
[Result "1-0"]
[WhiteElo "2153"]
[BlackElo "2105"]

1. d4 Nf6 2. c4 g6 3. Nc3 Bg7 4. e4 d6 5. Nf3 O-O 6. Be2 c5 7. O-O cxd4 8. Nxd4
Nc6 9. Nxc6 bxc6 10. Be3 Qc7 11. Rc1 Rb8 12. Rc2 h5 13. h3 Kh7 14. f4 a5 15. f5
Ba6 16. Bd4 h4 17. Bd3 g5 18. Be2 Bh6 19. Rd2 Ng8 20. c5 Bxe2 21. Qxe2 Rb4 22.
f6 exf6 23. Qf2 Rxd4 24. Qxd4 dxc5 25. Qxc5 Bg7 26. Rd6 Ra8 27. Rxc6 Qa7 28. Rf3
Qxc5+ 29. Rxc5 Ra7 30. Rff5 Rb7 31. Rb5 Rd7 32. Rfd5 Rc7 33. Rxa5 Ne7 34. Rd1
Ng6 35. Rf5 Ne5 36. Nd5 Rc6 37. b3 Re6 38. Kf2 Kg6 39. Ke3 Bf8 40. Rc1 Ba3 41.
Rc8 Nd7 42. b4 Bb2 43. Rd8 Ne5 44. Rxf6+ Kg7 45. Rxe6 fxe6 46. Nc7 Bc1+ 47. Ke2
Kf7 48. Rd6 Ba3 49. Rxe6 Ng6 50. Rb6 Nf4+ 51. Kf3 Nd3 52. Nd5 Ne5+ 53. Ke2 Kg7
54. Rb7+ Kg6 55. Rb6+ Kf7 56. Rf6+ Kg7 57. b5 Nd7 58. Ra6 Bc5 59. Rc6 Kf7 60. e5
Nxe5 61. Rxc5 Nd7 62. Rc7 1-0

[Event "Challenge #1"]
[Site "http://www.queenalice.com/game.php?id=636608"]
[Date "2009.8.14"]
[Round "-"]
[White "Aylton"]
[Black "Ariram"]
[Result "0-1"]
[WhiteElo "1953"]
[BlackElo "2137"]

1. d4 d5 2. Nf3 Nf6 3. e3 Bg4 4. h3 Bxf3 5. Qxf3 e6 6. c4 Be7 7. Nc3 O-O 8. Bd2
c5 9. a3 cxd4 10. exd4 Nc6 11. cxd5 Nxd4 12. Qd1 Nxd5 13. Nxd5 Qxd5 14. Be3 Qa5+
15. b4 Qf5 16. Bxd4 Rfd8 17. Bd3 Qd5 18. O-O Qxd4 19. Bc2 Qc4 20. Qb1 Bf6 21.
Bxh7+ Kh8 22. Rc1 Qh4 23. Bc2 Rd2 24. g3 Qd4 25. Rf1 Qxa1 26. Qxa1 Bxa1 27. Be4
Bb2 28. a4 Rb8 0-1

[Event "Challenge #2"]
[Site "http://www.queenalice.com/game.php?id=636609"]
[Date "2009.8.14"]
[Round "-"]
[White "Ariram"]
[Black "Aylton"]
[Result "1-0"]
[WhiteElo "2133"]
[BlackElo "1963"]

1. e4 c5 2. Nf3 Nc6 3. Be2 e6 4. d4 cxd4 5. Nxd4 Nf6 6. Nc3 Bb4 7. Nxc6 Bxc3+ 8.
bxc3 dxc6 9. Qxd8+ Kxd8 10. Bg5 h6 11. Bxf6+ gxf6 12. O-O Ke7 13. f4 b5 14. Rfd1
Bd7 15. c4 a6 16. c5 Rad8 17. Rd6 Be8 18. Rxd8 Kxd8 19. a4 Bd7 20. axb5 axb5 21.
Ra8+ Bc8 22. Kf2 Kc7 23. c4 Kb7 24. Ra3 bxc4 25. Bxc4 Rd8 26. Ke3 Rd1 27. Ba6+
Kc7 28. Bxc8 Kxc8 29. Ra7 Rd7 30. Ra8+ Kb7 31. Rh8 Ka6 32. Rxh6 Kb5 33. Rxf6
Kxc5 34. h4 Kb4 35. h5 c5 36. h6 c4 37. h7 Rd8 38. Rxf7 c3 39. Rc7 Kb3 40. g4 c2
41. g5 Rh8 42. g6 Kb2 43. g7 Rxh7 44. g8=Q Rxc7 45. Qb8+ 1-0

[Event "Challenge #3"]
[Site "http://www.queenalice.com/game.php?id=640707"]
[Date "2009.8.22"]
[Round "-"]
[White "Aylton"]
[Black "Ariram"]
[Result "0-1"]
[WhiteElo "1960"]
[BlackElo "2147"]

1. d4 d5 2. Nf3 Nf6 3. e3 g6 4. c4 c6 5. a3 Bg7 6. Nc3 O-O 7. h3 Bf5 8. Bd3 dxc4
9. Bxc4 Nbd7 10. O-O Ne4 11. Nxe4 Bxe4 12. Bd3 Bxf3 13. Qxf3 e5 14. d5 Nc5 15.
e4 Nb3 16. Rb1 cxd5 17. exd5 Nd4 18. Qe4 f5 19. Qe1 Qxd5 20. Qd1 e4 21. Be2 f4
22. Re1 Rad8 23. Qa4 Nxe2+ 24. Rxe2 Qa2 25. Qc2 Rc8 26. Qxe4 Rce8 27. Qxe8 Rxe8
28. Rxe8+ Kf7 29. Re1 Qxb1 30. Kf1 Qc2 31. b4 Bc3 0-1

[Event "Challenge #4"]
[Site "http://www.queenalice.com/game.php?id=640708"]
[Date "2009.8.22"]
[Round "-"]
[White "Ariram"]
[Black "Aylton"]
[Result "1-0"]
[WhiteElo "2140"]
[BlackElo "1988"]

1. e4 c5 2. Nf3 Nc6 3. Be2 e6 4. Nc3 a6 5. d4 cxd4 6. Nxd4 Nge7 7. f4 Nxd4 8.
Qxd4 Nc6 9. Qf2 Bb4 10. Bd2 O-O 11. O-O f5 12. e5 b5 13. Be3 Bxc3 14. bxc3 Bb7
15. Rfb1 Rb8 16. a4 bxa4 17. Bc5 Rf7 18. Bd6 Qc8 19. Qb6 Nd8 20. Bf3 Ra8 21.
Bxb7 Nxb7 22. Qxb7 Qxb7 23. Rxb7 1-0

[Event "Our Match 6 games we'll see"]
[Site "http://www.queenalice.com/game.php?id=643432"]
[Date "2009.8.27"]
[Round "-"]
[White "danbots5k"]
[Black "Ariram"]
[Result "0-1"]
[WhiteElo "2294"]
[BlackElo "2239"]

1. e4 e5 2. Nf3 Nc6 3. Bb5 a6 4. Ba4 Nf6 5. O-O Be7 6. Re1 b5 7. Bb3 O-O 8. c3
d6 9. d4 Bg4 10. Bg5 Bxf3 11. gxf3 Nd7 12. Be3 Na5 13. f4 Nxb3 14. Qxb3 exf4 15.
Bxf4 Bg5 16. Bg3 Re8 17. f4 Bh4 18. Qd1 c5 19. Nd2 Rc8 20. Nf3 Bxg3 21. hxg3 Nb6
22. Kg2 Nc4 23. b3 Nb6 24. Rc1 a5 25. Rc2 c4 26. Qd2 cxb3 27. axb3 a4 28. bxa4
bxa4 29. Qd3 Nc4 30. Rh1 a3 31. e5 h6 32. Re2 Nb2 33. Qc2 Qc7 34. Re3 Nc4 35.
Re2 Qc6 36. Rd1 Rb8 37. d5 Qc5 38. Qe4 dxe5 39. fxe5 Rb2 40. Kf1 Rxe2 41. Kxe2
Nxe5 42. Nxe5 Qxc3 43. Qd3 Qxe5+ 44. Kf2 a2 45. Qa6 Qe3+ 46. Kg2 Qe4+ 47. Kg1
Qf3 48. Rf1 Qxg3+ 49. Kh1 Qh3+ 50. Kg1 Re3 51. Qa8+ Kh7 52. d6 Re2 0-1

[Event "Our match 6 games we'll see"]
[Site "http://www.queenalice.com/game.php?id=643433"]
[Date "2009.8.27"]
[Round "-"]
[White "danbots5k"]
[Black "Ariram"]
[Result "0-1"]
[WhiteElo "2168"]
[BlackElo "2204"]

1. Nf3 Nf6 2. d4 d5 3. c4 e6 4. Nc3 c6 5. e3 Nbd7 6. Bd3 Be7 7. O-O O-O 8. b3 b6
9. Bb2 Bb7 10. e4 dxe4 11. Nxe4 c5 12. Re1 cxd4 13. Nxd4 Nc5 14. Nxf6+ Bxf6 15.
Bc2 Rc8 16. Rb1 Rc7 17. Nb5 Rd7 18. Qh5 g6 19. Bxf6 Qxf6 20. Qh6 a6 21. Na3 Nd3
22. Bxd3 Rxd3 23. Re2 Bxg2 24. Re3 Rd2 25. f4 Qd4 26. Re1 Be4 27. Qh4 Rxa2 28.
Kf1 Bd3+ 29. Kg1 Rxa3 30. Qf2 Rxb3 31. Rh3 Qxc4 32. Rg3 Rc8 33. h4 Qb4 34. h5
Rc2 0-1

[Event "Our match 6 games we'll see"]
[Site "http://www.queenalice.com/game.php?id=643434"]
[Date "2009.8.27"]
[Round "-"]
[White "danbots5k"]
[Black "Ariram"]
[Result "0-1"]
[WhiteElo "2332"]
[BlackElo "2255"]

1. d4 d5 2. Bf4 Bg4 3. c3 Nf6 4. Qb3 Qc8 5. Nd2 e6 6. f3 Bh5 7. e3 Bg6 8. c4 Nc6
9. a3 Be7 10. Rc1 O-O 11. g4 Rd8 12. h4 h6 13. Bg3 Na5 14. Qa4 Nxc4 15. Nxc4
dxc4 16. Rxc4 Nd5 17. Qb3 Bd6 18. Bxd6 Rxd6 19. a4 Rb6 20. Qa3 a5 21. e4 Nb4 22.
Rh2 Qd8 23. Qc3 Rc6 24. b3 Rxc4 25. Bxc4 c6 26. Qe3 Qb8 27. f4 h5 28. gxh5 Bxh5
29. Rg2 Qd6 30. e5 Qf8 31. f5 exf5 32. Nh3 Qe7 33. Ng5 Nd5 34. Bxd5 cxd5 35. Kf2
Rc8 36. e6 f6 37. Nh3 Qb4 38. Rg3 Rc2+ 39. Kg1 Re2 40. Qc3 Re4 41. Nf2 Qxc3 42.
Rxc3 Rxe6 43. Rc5 Re1+ 44. Kg2 Re3 45. Rb5 Bf3+ 46. Kh2 f4 47. Nh3 Re4 48. Ng1
Bd1 49. Rxd5 Bxb3 50. Rb5 Bxa4 51. Rxb7 Rxd4 52. Rb2 Kf7 53. Ne2 Rc4 54. h5 Bc6
55. Kg1 a4 56. Kf2 Ke6 57. Ra2 Ke5 58. Ng1 Rc3 59. h6 gxh6 60. Ne2 Rf3+ 61. Ke1
a3 62. Rc2 Bd5 63. Nc1 h5 64. Rh2 Re3+ 65. Kd1 Rg3 66. Rxh5+ Rg5 67. Rh3 f3 68.
Rh4 Rg1+ 69. Kd2 Rxc1 70. Kxc1 f2 71. Rh5+ Ke6 72. Kd2 f1=Q 73. Rh8 a2 74. Re8+
Kf5 75. Re1 Qxe1+ 76. Kxe1 a1=Q+ 77. Ke2 Ke4 0-1

[Event "Our match 6 games we'll see"]
[Site "http://www.queenalice.com/game.php?id=643435"]
[Date "2009.8.27"]
[Round "-"]
[White "Ariram"]
[Black "danbots5k"]
[Result "0-1"]
[WhiteElo "2218"]
[BlackElo "2154"]

1. e4 e6 2. d4 d5 3. Nc3 dxe4 4. Nxe4 Nd7 5. Be3 Be7 6. Bb5 Nf6 7. Nxf6+ Bxf6 8.
Nf3 c5 9. O-O cxd4 10. Bxd4 a6 11. Bc4 O-O 12. Qd3 Qc7 13. Rfe1 e5 14. Qc3 Nb6
15. Bb3 Qxc3 16. Bxc3 Bf5 17. Bxe5 Bxe5 18. Rxe5 Bg6 19. Re7 Rab8 20. Ne5 a5 21.
a4 Nc8 22. Rd7 Nb6 23. Rd6 Nc8 24. Rd2 Na7 25. Nd7 Bf5 26. Nxb8 Rxb8 27. Rd5 Be6
28. Rxa5 Nc6 29. Rc5 Nd4 30. Bxe6 Nxe6 31. Rb5 g6 32. Rd1 Rc8 33. c3 Rc7 34. Kf1
Kf8 35. Ke2 h5 36. Rd6 Re7 37. Kf3 f6 38. Rdb6 Ng5+ 39. Kg3 Ne4+ 40. Kh4 Rh7 41.
Rxb7 g5+ 42. Kh3 h4 43. Rxh7 Nxf2# 0-1

[Event "Our match 6 games we'll see"]
[Site "http://www.queenalice.com/game.php?id=643436"]
[Date "2009.8.27"]
[Round "-"]
[White "Ariram"]
[Black "danbots5k"]
[Result "1/2-1/2"]
[WhiteElo "2253"]
[BlackElo "2318"]

1. d4 Nf6 2. c4 g6 3. Nc3 Bg7 4. e4 d6 5. Nf3 O-O 6. h3 e5 7. d5 a5 8. Bg5 h6 9.
Be3 b6 10. Be2 Na6 11. O-O Nc5 12. Nd2 Bd7 13. f4 exf4 14. Rxf4 Re8 15. Qc2 g5
16. Rf3 g4 17. hxg4 Nxg4 18. Nf1 Nxe3 19. Nxe3 Be5 20. Nf5 Qg5 21. Rd1 Kh8 22.
Rh3 Bxf5 23. exf5 Rg8 24. Bf3 Rae8 25. Nb5 Re7 26. Kf1 f6 27. Rh5 Qf4 28. Qe2
Rgg7 29. b3 Bc3 30. Qf2 Be5 31. Nd4 Bxd4 32. Rxd4 Qc1+ 33. Rd1 Qf4 34. Rh4 Qg5
35. Rh5 Qf4 36. g3 Rxg3 37. Rxh6+ Kg7 38. Rd4 Qc1+ 39. Rd1 Qxh6 40. Qxg3+ Kf8
41. Qg4 Re5 42. Kg2 Qg5 43. Rh1 Kg7 44. Kg3 Rxf5 45. Rh5 Qxg4+ 46. Kxg4 Rxh5 47.
Kxh5 Nd3 48. Be4 Nc1 49. Bb1 Ne2 50. Bc2 Nd4 51. Bb1 b5 52. Bd3 b4 53. Kg4 Kf7
54. Kf4 c5 55. Bf1 Kg6 56. Bd3+ f5 57. Bf1 Kf6 58. Bd3 Kg6 59. Bf1 Kf6 60. Bd3
Kg6 61. Bf1 Kf7 62. Kg5 Ke7 63. Bd3 Kd8 64. Kf4 Kc7 65. Kg5 Kb6 66. Kf4 Kb7 67.
Kg5 Kc7 68. Kf4 Kd8 69. Kg5 Ke7 70. Bf1 Nf3+ 71. Kxf5 Ne5 72. Be2 Nd7 73. Kg5
Nb6 74. Bg4 a4 75. Be6 a3 76. Bf5 Kf7 77. Be6+ Kg7 78. Bf5 Na8 79. Bd3 Kf7 80.
Bg6+ Ke7 81. Be4 Nc7 82. Kf4 Kf6 83. Bf5 Ne8 84. Be6 Kg6 85. Bg4 Ng7 86. Bh3
Nh5+ 87. Kg4 Nf6+ 88. Kf4 Ng8 89. Bg4 Kf6 90. Bf5 Nh6 91. Be4 Nf7 92. Bd3 Ne5
93. Be4 Nd7 94. Bb1 Nb6 95. Bc2 Na8 96. Bd1 Nc7 97. Bh5 Na6 98. Bd1 Nc7 99. Bf3
Ne8 100. Bh5 Ng7 101. Bg4 Kg6 102. Bf3 Ne8 103. Bg4 Nf6 104. Bf3 Nd7 105. Be2
Ne5 106. Bf1 Kf6 107. Be2 Ng6+ 108. Ke4 Kg5 109. Bf1 Ne7 110. Bh3 Ng8 111. Kf3
Nf6 112. Be6 Nh5 113. Bh3 Nf4 114. Bf1 Kf5 115. Ke3 Ke5 116. Kf3 Nh5 117. Ke3
Nf6 118. Bd3 Ng4+ 119. Kf3 Nh6 120. Ke3 Nf7 121. Bg6 Nd8 122. Be8 Nb7 123. Bh5
Na5 124. Bd1 Kf5 125. Kf3 Nb7 126. Bc2+ Kg5 127. Kg3 Nd8 128. Kf3 Nf7 129. Ke4
Nh6 130. Kf3 Ng4 131. Bb1 Nh2+ 132. Ke4 Nf1 133. Bc2 Kg4 134. Bd1+ Kg5 135. Bc2
Kg4 136. Bd1+ Kg5 137. Bc2 Ng3+ 138. Ke3 Kg4 139. Be4 Nf1+ 140. Ke2 Nh2 141. Ke3
Kg3 142. Bc2 Nf1+ 143. Ke4 Kg4 144. Bd1+ Kg5 145. Bc2 Ng3+ 146. Ke3 Kg4 147. Bd3
Kg5 148. Kf3 Nh5 149. Bc2 Nf6 150. Ke3 Kg4 151. Bd3 Nd7 152. Bb1 Ne5 153. Bc2
Nf7 154. Ke4 Nh6 155. Bd3 Kg3 156. Ke3 Ng4+ 157. Ke2 Kf4 158. Bg6 Ne5 159. Bh7
Nf3 160. Bc2 Nd4+ 161. Kd3 Kf3 162. Bd1+ Kf2 163. Kd2 Kf1 164. Kc1 Ke1 165. Bg4
Kf2 166. Kb1 Ke3 167. Kc1 Ke4 168. Bh5 Kd3 169. Bd1 Kc3 170. Kb1 Kd2 171. Bg4
Nc2 172. Bf5 Ne3 173. Bg6 Nd1 174. Bh7 Nc3+ 175. Ka1 Kc1 176. Bd3 Nd1 177. Bc2
Ne3 178. Bf5 Kd2 179. Bh3 Kd3 180. Kb1 Nd1 181. Bf5+ Kc3 182. Bg4 Ne3 183. Be2
Nc2 184. Bd1 Ne3 185. Be2 Kd2 186. Bf3 Kd3 187. Bh5 Nf1 188. Bg4 Kd2 189. Bf5
Kc3 190. Kc1 Nd2 191. Bc2 Nf3 192. Bd1 Nd4 193. Kb1 Kd2 194. Bg4 Nc2 195. Bh5
Ne3 196. Bf3 Nf5 197. Bh5 Ng3 198. Bf3 Nf1 199. Bg4 Ne3 200. Bh3 Nd1 201. Ka1
Ne3 202. Kb1 Kd1 203. Be6 Nf1 204. Bg4+ Kd2 205. Bh3 Ng3 206. Bg4 Ne4 207. Bf5
Nc3+ 208. Ka1 Kc1 209. Bd3 Nd1 210. Bf5 Ne3 211. Be4 Nf1 212. Bd3 Nd2 213. Bc2
Nf1 214. Bd3 Ne3 215. Be4 Kd2 216. Bg6 Kc3 217. Kb1 Nf1 218. Kc1 Nd2 219. Bc2
Nxc4 220. bxc4 Kxc4 221. Be4 Kc3 222. Kb1 c4 223. Bf5 Kd4 224. Be6 Kc3 225. Bf5
Kd4 226. Be6 Kd3 227. Bf7 Kd2 228. Be6 Kd3 229. Bf5+ Kc3 230. Be4 Kd4 231. Bf3
Ke3 232. Bg4 Ke4 233. Be6 Ke5 234. Kc2 Kd4 235. Bf7 Kc5 236. Be6 Kd4 237. Bg8
Ke3 238. Bh7 Kd4 239. Bg8 Ke3 240. Bh7 Kd4 241. Bg8 1/2-1/2

[Event "Our match 6 games we'll see"]
[Site "http://www.queenalice.com/game.php?id=643437"]
[Date "2009.8.27"]
[Round "-"]
[White "Ariram"]
[Black "danbots5k"]
[Result "1-0"]
[WhiteElo "2206"]
[BlackElo "2158"]

1. e4 Nf6 2. e5 Nd5 3. d4 d6 4. c4 Nb6 5. exd6 cxd6 6. Nc3 g6 7. Be3 Bg7 8. Nf3
O-O 9. Be2 Bg4 10. O-O Nc6 11. b3 Rc8 12. Rc1 a6 13. d5 Bxf3 14. Bxf3 Ne5 15.
Be2 f5 16. Bf4 Nf7 17. Re1 Nd7 18. Be3 Qa5 19. Na4 Qd8 20. b4 Nfe5 21. Bf4 a5
22. a3 h6 23. c5 axb4 24. axb4 g5 25. Bxe5 Bxe5 26. Bb5 Nf6 27. Nb6 Rb8 28. g3
g4 29. Nc4 Qc7 30. Ne3 Ne4 31. cxd6 Qxd6 32. Nxg4 Bg7 33. Ne3 Qxb4 34. Bd7 Nd6
35. Qc2 f4 36. Ng4 fxg3 37. hxg3 Nf7 38. Qg6 Qd2 39. Bf5 Rfe8 40. Qh7+ Kf8 41.
Be6 Qg5 42. Ne5 1-0

[Event "Challenge"]
[Site "http://www.queenalice.com/game.php?id=643764"]
[Date "2009.8.28"]
[Round "-"]
[White "arrabi"]
[Black "Ariram"]
[Result "0-1"]
[WhiteElo "2106"]
[BlackElo "2215"]

1. e4 e5 2. Bc4 Nf6 3. d3 c6 4. a4 d5 5. exd5 cxd5 6. Ba2 Nc6 7. Bg5 Be7 8. c3
Bg4 9. f3 Be6 10. Ne2 O-O 11. O-O Qb6+ 12. d4 Qxb2 13. Nd2 exd4 14. cxd4 Nxd4
15. Nxd4 Qxd4+ 16. Kh1 h6 17. Bxf6 Bxf6 18. Rb1 Rab8 19. Nb3 Qxa4 20. Rf2 Rfc8
21. h3 Bf5 22. Rc1 Rxc1 23. Qxc1 Rc8 24. Qd1 Qf4 25. Qxd5 Rd8 0-1

[Event "Challenge"]
[Site "http://www.queenalice.com/game.php?id=643765"]
[Date "2009.8.28"]
[Round "-"]
[White "arrabi"]
[Black "Ariram"]
[Result "0-1"]
[WhiteElo "1932"]
[BlackElo "2251"]

1. e4 e5 2. Bc4 Nc6 3. a4 Nf6 4. d3 d5 5. exd5 Nxd5 6. Qf3 Nd4 7. Qd1 Bg4 8. f3
Be6 9. c3 Nf5 10. Bxd5 Qxd5 11. c4 Qc5 12. Bd2 O-O-O 13. b4 Qd4 14. Bc3 Qh4+ 15.
g3 Nxg3 16. hxg3 Qxh1 17. Kd2 Bxc4 18. d4 exd4 19. Bb2 Bxb4+ 20. Kc1 Rhe8 21.
Nd2 Bxd2+ 22. Kxd2 Qg2+ 23. Kc1 Bb3 24. Qxb3 Re1+ 25. Qd1 Rxd1+ 26. Kxd1 Qxb2
27. Rc1 Qb3+ 28. Kd2 Qxa4 29. Ne2 Rd6 30. g4 Rc6 31. Rxc6 bxc6 32. f4 c5 33. f5
a5 34. g5 Qb4+ 35. Kd3 a4 36. Nc1 Qc3+ 0-1

[Event "Challenge"]
[Site "http://www.queenalice.com/game.php?id=657421"]
[Date "2009.9.24"]
[Round "-"]
[White "Ariram"]
[Black "benjobench"]
[Result "1-0"]
[WhiteElo "2228"]
[BlackElo "2019"]

1. d4 d5 2. c4 c6 3. Nf3 Bf5 4. Bf4 e6 5. Qb3 Qc8 6. Nbd2 Nf6 7. cxd5 exd5 8. e3
Be7 9. Bd3 Bxd3 10. Qxd3 Nbd7 11. O-O O-O 12. Rfc1 Qd8 13. Qb3 Nb6 14. Bg5 h6
15. Bxf6 Bxf6 16. a4 a5 17. e4 dxe4 18. Nxe4 Be7 19. Nc5 Rb8 20. Re1 Bxc5 21.
dxc5 Nd5 22. Kf1 Qd7 23. Ne5 Qc7 24. Qg3 Rfe8 25. Nc4 Qxg3 26. fxg3 Rxe1+ 27.
Kxe1 Kf8 28. Kd2 Rd8 29. Nxa5 Rd7 30. Ke2 Ke7 31. Ra3 Kd8 32. Rb3 Nb4 33. Rxb4
1-0

[Event "Challenge"]
[Site "http://www.queenalice.com/game.php?id=659022"]
[Date "2009.9.27"]
[Round "-"]
[White "Ebbe"]
[Black "Ariram"]
[Result "0-1"]
[WhiteElo "1958"]
[BlackElo "2224"]

1. e4 e5 2. Nf3 Nc6 3. d4 exd4 4. Nxd4 Nge7 5. Bg5 Nxd4 6. Qxd4 Nc6 7. Qe3 Be7
8. Bxe7 Qxe7 9. Nd2 O-O 10. Bd3 d6 11. Nc4 Re8 12. O-O-O Be6 13. f3 b5 14. Nd2
a6 15. b3 d5 16. Nb1 d4 17. Qf2 Qc5 18. f4 Bg4 19. Rd2 f6 20. f5 Bh5 21. Qh4 Bf7
22. g4 Ne5 23. Qg3 a5 24. h4 a4 25. g5 axb3 26. gxf6 Nxd3+ 27. Qxd3 bxa2 28. Qg3
axb1=Q+ 29. Kxb1 Qb4+ 30. Qb3 Bxb3 31. cxb3 Qxd2 0-1

[Event "Challenge #05"]
[Site "http://www.queenalice.com/game.php?id=665649"]
[Date "2009.10.11"]
[Round "-"]
[White "Aylton"]
[Black "Ariram"]
[Result "0-1"]
[WhiteElo "1990"]
[BlackElo "2234"]

1. d4 Nf6 2. Nf3 d5 3. e3 g6 4. c4 Bg7 5. Nc3 Nc6 6. h3 O-O 7. a3 Re8 8. Be2
dxc4 9. Bxc4 e5 10. O-O exd4 11. exd4 Na5 12. Ba2 Be6 13. Bxe6 Rxe6 14. Be3 Nc4
15. Qc1 Nxe3 16. fxe3 Bh6 17. Re1 Qd7 18. Qd1 Bxe3+ 19. Kh1 Rae8 20. Qd3 Nh5 21.
Rad1 Ng3+ 22. Kh2 Qd6 0-1

[Event "Hoping your accept"]
[Site "http://www.queenalice.com/game.php?id=685160"]
[Date "2009.11.18"]
[Round "-"]
[White "PhilBFrance"]
[Black "Ariram"]
[Result "1/2-1/2"]
[WhiteElo "2171"]
[BlackElo "2269"]

1. e4 e5 2. Nf3 Nc6 3. d4 exd4 4. Nxd4 Nge7 5. Be3 Nxd4 6. Qxd4 Nc6 7. Qc4 Bb4+
8. Nc3 Qf6 9. Bd3 d6 10. O-O Bxc3 11. bxc3 O-O 12. Qb3 Rb8 13. f4 Be6 14. Qa3
Rfe8 15. Rab1 a6 16. Rf3 Bd7 17. Rg3 b5 18. f5 h6 19. Kh1 Ra8 20. Qb3 Ne5 21. c4
Qh4 22. cxb5 axb5 23. Rf1 c5 24. Qb2 Ng4 25. Bg1 Qf6 26. c3 h5 27. a3 Bc6 28.
Rh3 c4 29. Be2 Qg5 30. Rg3 Rxe4 31. Bf3 Rf4 32. Qd2 Qh6 33. Rxg4 hxg4 34. Bxc6
Rxf1 35. Qxh6 gxh6 36. Bxa8 Ra1 37. Bc6 Rxa3 38. Bxb5 Rxc3 39. g3 d5 40. Bd4 Rd3
41. Be5 Rf3 42. Kg1 Rxf5 43. Bf4 Rf6 44. Kf2 Rb6 45. Bd7 h5 46. Ke3 Rb2 47. Bc6
Rxh2 48. Bxd5 c3 49. Kd3 c2 50. Kc3 Kg7 51. Kb2 Rf2 52. Be3 Rh2 53. Bf4 h4 54.
gxh4 Rxh4 55. Kxc2 Rh3 56. Be4 Kf6 57. Kd2 Ke6 58. Ke2 f5 59. Bg2 Ra3 60. Kf2
Ra2+ 61. Kg3 Rb2 62. Bc6 Rb4 63. Bg2 Rb2 64. Bc6 Rc2 65. Bg2 Ra2 66. Bc6 1/2-1/2

[Event "Challenge"]
[Site "http://www.queenalice.com/game.php?id=693891"]
[Date "2009.12.6"]
[Round "-"]
[White "Ariram"]
[Black "PhilBFrance"]
[Result "0-1"]
[WhiteElo "2266"]
[BlackElo "2174"]

1. d4 Nf6 2. c4 e6 3. Nc3 d5 4. Bg5 dxc4 5. Nf3 h6 6. Bh4 Bb4 7. a3 Bxc3+ 8.
bxc3 b5 9. e4 g5 10. Nxg5 hxg5 11. Bxg5 Rg8 12. h4 Nbd7 13. e5 Rxg5 14. hxg5 Nd5
15. Qh5 Nf8 16. Rc1 Qe7 17. a4 Qa3 18. Kd2 b4 0-1

[Event "A new game"]
[Site "http://www.queenalice.com/game.php?id=697075"]
[Date "2009.12.12"]
[Round "-"]
[White "PhilBFrance"]
[Black "Ariram"]
[Result "1-0"]
[WhiteElo "2224"]
[BlackElo "2253"]

1. e4 e5 2. Nf3 Nc6 3. Bb5 a6 4. Bxc6 dxc6 5. O-O Bd6 6. d4 exd4 7. Qxd4 f6 8.
Be3 Qe7 9. Nc3 Be6 10. Rad1 Qf7 11. e5 fxe5 12. Nxe5 Qf5 13. f4 Ne7 14. Ne4 O-O
15. Nxd6 cxd6 16. Qxd6 Nd5 17. Rd3 Rad8 18. Qc5 b6 19. Qa3 c5 20. Qxa6 Ra8 21.
Qb5 Nb4 22. Rd6 Nxc2 23. Bf2 Bxa2 24. Qxb6 Qxf4 25. Qxc5 Rae8 26. Nd3 Qc4 27. b4
Rc8 28. Qe5 Nxb4 29. Rd7 Qg4 30. Nc5 Bc4 31. h3 Qg6 32. Rfd1 Bb5 33. R1d6 Qb1+
34. Be1 Bxd7 35. Rxd7 Rf6 36. Qe7 Qg6 37. Bxb4 Re8 38. Rd8 Rff8 39. Rxe8 Rxe8
40. Qh4 Qf7 41. Qd4 Qf5 42. Bd2 Re5 43. Bc3 Re7 44. Qd8+ Kf7 45. Nd3 Qg5 46. Qd6
h6 47. Kh2 Kg8 48. Nf4 Re8 49. Qd4 Kh7 50. Bb2 Re7 51. Qd3+ Kg8 52. Qc4+ Kh7 53.
Qc2+ Kg8 54. Ng6 Re8 55. Qc6 Qd8 56. Be5 Kf7 57. Bc7 Qd4 58. Qb5 Re6 59. Qb3 Kf6
60. Nf4 Re8 61. Qb7 Re1 62. Qf3 Ke7 63. Ba5 Re4 64. Bc3 Qc4 65. Nd3 Qc7+ 66. Kh1
Qxc3 67. Qxe4+ Kf6 68. h4 Qc7 69. Nf4 Qe5 70. Nd5+ Ke6 71. Nc7+ Kd6 72. Ne8+ 1-0

[Event "Challenge"]
[Site "http://www.queenalice.com/game.php?id=708087"]
[Date "2010.1.4"]
[Round "-"]
[White "Jerick"]
[Black "Ariram"]
[Result "1-0"]
[WhiteElo "2255"]
[BlackElo "2240"]

1. Nf3 d5 2. d4 Nf6 3. Bf4 Bg4 4. Ne5 Bh5 5. c3 Nbd7 6. Qb3 b6 7. e4 e6 8. Bb5
Be7 9. Nc6 Qc8 10. Nxe7 Kxe7 11. e5 Ne8 12. Bc6 Rb8 13. Qa3+ Kd8 14. c4 dxc4 15.
O-O a5 16. Re1 Bg4 17. d5 Nc5 18. Qg3 h5 19. f3 Nd3 20. Nc3 Nxe1 21. Rxe1 Ke7
22. fxg4 Kf8 23. gxh5 Rxh5 24. Rf1 exd5 25. Bg5 d4 26. Qf3 1-0

[Event "Challenge"]
[Site "http://www.queenalice.com/game.php?id=708090"]
[Date "2010.1.4"]
[Round "-"]
[White "Ariram"]
[Black "Jerick"]
[Result "0-1"]
[WhiteElo "2228"]
[BlackElo "2252"]

1. d4 Nf6 2. c4 e6 3. Bg5 d5 4. Nc3 c6 5. e3 Bb4 6. Be2 Qa5 7. Bxf6 Bxc3+ 8.
bxc3 Qxc3+ 9. Kf1 gxf6 10. cxd5 exd5 11. Bd3 Qb2 12. Ne2 h5 13. Kg1 Nd7 14. a4
Nb6 15. a5 Nc4 16. h3 h4 17. Nf4 Kf8 18. Qa4 Kg7 19. Rb1 Qd2 20. Bxc4 dxc4 21.
Qxc4 Qxa5 22. Kh2 Qc7 23. d5 Bf5 24. d6 Qd7 25. e4 Bg6 26. Qd4 Rhe8 27. f3 Re5
28. Rhd1 Rg5 29. Qf2 b5 30. Qxh4 a5 31. Qf2 b4 32. h4 Rh8 33. Kg1 Rb5 34. h5
Bxh5 35. Qd4 Rg5 36. Kf2 c5 37. Qc4 Bg6 38. Ra1 Rh4 39. Nxg6 Rxg6 40. Rxa5 Rh2
41. Rxc5 Rgxg2+ 42. Ke3 Rg3 43. Rf5 Qa7+ 44. Kd3 Qa3+ 45. Kd4 Rgg2 46. Qd3 Qa7+
47. Rc5 b3 48. d7 Qxd7+ 49. Ke3 Qa7 50. Qb5 Qa2 51. Qf1 Rf2 52. Qc4 Rxf3+ 53.
Kd4 Rd2+ 0-1